[Event "Quebec-ch U12"]
[Site "Montreal"]
[Date "2016.01.17"]
[Round "5"]
[White "Tanaka, Tyler Tsutomu"]
[Black "Mocanu, Alexander"]
[Result "1-0"]
[WhiteElo "1492"]
[BlackElo "1191"]
[PlyCount "93"]
[EventDate "2016.01.15"]
[EventType "swiss"]
[EventRounds "5"]
[EventCountry "CAN"]
[SourceTitle "EXT 2017"]
[Source "ChessBase"]
[SourceDate "2016.10.25"]
[SourceVersion "1"]
[SourceVersionDate "2016.10.25"]
[SourceQuality "1"]

1. e4 e5 2. Nf3 Nc6 3. Bb5 d6 4. 0-0 Bd7 5. c3 a6 6. Ba4 b5 7. Bc2 Nf6 8. Re1 Be7 9. h3 0-0 10. d4 exd4 11. cxd4 h6 12. Bf4 Nh7 13. a3 f5 14. Bh2 fxe4 15. Bxe4 Nf6 16. Bc2 Re8 17. Nh4 Na7 18. Bb3+ d5 19. Ng6 c6 20. Bc2 Bf8 21. Be5 Be7 22. Qf3 Bd6 23. Nd2 Bxe5 24. dxe5 Nh7 25. Qd3 Qg5 26. Nf3 Qd8 27. Nfh4 Qg5 28. f4 Qd8 29. Nf5 Bxf5 30. Qxf5 Qb6+ 31. Kh1 c5 32. Qg4 d4 33. Be4 Rad8 34. Qf3 c4 35. Bd5+ Re6 36. f5 Rxd5 37. Qxd5 Qc6 38. Ne7+ Kf8 39. Nxc6 Rxc6 40. Qxd4 Nc8 41. Qd8+ Kf7 42. e6+ Rxe6 43. fxe6+ Kg6 44. Qxc8 Kf5 45. Qc5+ Kf4 46. Rf1+ Kg3 47. Qf2# 1-0

[Event "Quebec-ch U12"]
[Site "Montreal"]
[Date "2016.01.16"]
[Round "3"]
[White "Mocanu, Alexander"]
[Black "Omichi, Haruaki"]
[Result "1/2-1/2"]
[WhiteElo "1191"]
[BlackElo "1355"]
[PlyCount "87"]
[EventDate "2016.01.15"]
[EventType "swiss"]
[EventRounds "5"]
[EventCountry "CAN"]
[SourceTitle "EXT 2017"]
[Source "ChessBase"]
[SourceDate "2016.10.25"]
[SourceVersion "1"]
[SourceVersionDate "2016.10.25"]
[SourceQuality "1"]

1. e4 c5 2. Nf3 Nc6 3. d4 cxd4 4. Nxd4 g6 5. Nc3 Bg7 6. Be3 Nf6 7. Be2 0-0 8. 0-0 d6 9. f4 Bd7 10. Bf3 Ne8 11. Qd2 f5 12. exf5 Nxd4 13. Bxd4 Bxf5 14. Bxb7 Rb8 15. Bd5+ e6 16. Bb3 Kh8 17. Bxa7 Rb7 18. Bd4 e5 19. fxe5 dxe5 20. Be3 Qxd2 21. Bxd2 h6 22. a3 e4 23. Rae1 Nf6 24. h3 h5 25. Kh1 Re8 26. Rf2 Rbe7 27. Rfe2 h4 28. Bg5 Nh5 29. Bxh4 Bxc3 30. bxc3 Rc7 31. c4 g5 32. Bf2 Bg6 33. Kh2 Kh7 34. a4 Ng7 35. c5 Rce7 36. Bc4 Nh5 37. Bb5 Rd8 38. Bc6 Nf4 39. Re3 Rd2 40. Kg1 Rxc2 41. Bxe4 Bxe4 42. Rxe4 Rxe4 43. Rxe4 Nd3 44. Bd4 1/2-1/2

[Event "Quebec-ch U10"]
[Site "Montreal"]
[Date "2014.01.18"]
[Round "1"]
[White "Mocanu, Alexander"]
[Black "Rodrigue Lemieux, Shawn"]
[Result "0-1"]
[WhiteElo "950"]
[BlackElo "1644"]
[PlyCount "106"]
[EventDate "2014.01.18"]
[EventType "swiss"]
[EventRounds "5"]
[EventCountry "CAN"]
[SourceTitle "EXT 2022"]
[Source "ChessBase"]
[SourceDate "2021.10.06"]
[SourceVersion "1"]
[SourceVersionDate "2021.10.06"]
[SourceQuality "1"]

1. e4 c5 2. Nf3 d6 3. d4 cxd4 4. Nxd4 Nf6 5. Nc3 Nc6 6. Be3 e5 7. Nf3 Be7 8. Bc4 0-0 9. 0-0 h6 10. h3 Be6 11. Bxe6 fxe6 12. Qe2 a6 13. a4 Rc8 14. Rfd1 Qc7 15. Rd2 Rfd8 16. Rad1 Na5 17. Rb1 Nc4 18. Rdd1 d5 19. exd5 exd5 20. Bd2 e4 21. Nd4 Qe5 22. Be3 Nh5 23. Nb3 Bd6 24. Kf1 Rf8 25. Rxd5 Ng3+ 26. Ke1 Nxe2 27. Rxe5 Bxe5 28. Kxe2 Nxe3 29. Kxe3 Bxc3 30. bxc3 Rxc3+ 31. Kxe4 Rxc2 32. Nd4 Rcxf2 33. Rxb7 Rxg2 34. Ra7 Rg6 35. Nb3 Rc8 36. Kd5 Rg3 37. Nd4 Rxh3 38. Rxa6 Rh5+ 39. Kd6 Rd8+ 40. Kc7 Rxd4 41. Ra8+ Kf7 42. a5 Ra4 43. Kb6 Rhxa5 44. Rxa5 Rxa5 45. Kxa5 h5 46. Kb4 h4 47. Kc3 h3 48. Kd2 h2 49. Ke2 h1Q 50. Kf2 Kf6 51. Kg3 Kg5 52. Kf2 Kf4 53. Ke2 Qc1 0-1

[Event "Toronto NAYCC U10"]
[Site "Toronto"]
[Date "2013.08.15"]
[Round "2"]
[White "Klement, Ido"]
[Black "Mocanu, Alexander"]
[Result "1-0"]
[WhiteElo "1130"]
[BlackElo "884"]
[PlyCount "45"]
[EventDate "2013.08.14"]
[EventType "swiss"]
[EventRounds "9"]
[EventCountry "CAN"]
[SourceTitle "EXT 2022"]
[Source "ChessBase"]
[SourceDate "2021.10.06"]
[SourceVersion "1"]
[SourceVersionDate "2021.10.06"]
[SourceQuality "1"]

1. e4 e5 2. Nf3 Nc6 3. Nc3 Bc5 4. Bb5 d6 5. h3 Bd7 6. Bxc6 Bxc6 7. d3 Nf6 8. Bg5 0-0 9. 0-0 b6 10. Nd5 Bxd5 11. exd5 Re8 12. Re1 h6 13. Bh4 Kf8 14. Nd2 a5 15. Ne4 Rc8 16. Nxf6 gxf6 17. Qf3 Kg7 18. Re4 Bd4 19. Rg4+ Kh7 20. Qf5+ Kh8 21. Bxf6+ Qxf6 22. Qxf6+ Kh7 23. Qg7# 1-0